[Event "Seefeld op 18th"]
[Site "Seefeld"]
[Date "2007.09.08"]
[Round "8"]
[White "Russ, Colin"]
[Black "Schumacher, Helmut"]
[Result "0-1"]
[WhiteElo "1967"]
[BlackElo "2103"]
[PlyCount "44"]
[EventDate "2007.09.01"]
[EventType "swiss"]
[EventRounds "9"]
[EventCountry "AUT"]
[SourceTitle "EXT 2009"]
[Source "ChessBase"]
[SourceDate "2008.11.26"]
[SourceVersion "1"]
[SourceVersionDate "2008.11.26"]
[SourceQuality "1"]

1. d4 d5 2. Nf3 c6 3. c4 e6 4. Nc3 Nf6 5. Bg5 dxc4 6. Bxf6 Qxf6 7. a4 Bb4 8. Rc1 b5 9. e3 Nd7 10. g3 Bb7 11. Bg2 Rb8 12. axb5 cxb5 13. 0-0 Bxc3 14. Rxc3 0-0 15. Nd2 Bxg2 16. Kxg2 a5 17. b3 cxb3 18. Rxb3 e5 19. dxe5 Nxe5 20. Qe2 Rfc8 21. Rxb5 Qc6+ 22. Nf3 Rxb5 0-1

[Event "Seefeld op 16th"]
[Site "Seefeld"]
[Date "2005.09.18"]
[Round "2"]
[White "Russ, Colin"]
[Black "Michel, Jan"]
[Result "1-0"]
[WhiteElo "1964"]
[BlackElo "1454"]
[PlyCount "79"]
[EventDate "2005.09.17"]
[EventType "swiss"]
[EventRounds "9"]
[EventCountry "AUT"]
[SourceTitle "EXT 2007"]
[Source "ChessBase"]
[SourceDate "2006.11.23"]
[SourceVersion "1"]
[SourceVersionDate "2006.11.23"]
[SourceQuality "1"]

1. Nf3 Nc6 2. d4 d5 3. Bf4 Bf5 4. e3 a6 5. c3 h6 6. Nbd2 e6 7. Be2 Bd6 8. Bxd6 cxd6 9. 0-0 Nge7 10. Re1 0-0 11. Bf1 Qb6 12. b3 Rac8 13. e4 dxe4 14. Nxe4 Bxe4 15. Rxe4 Na7 16. c4 Qd8 17. Bd3 Ng6 18. Qe1 Re8 19. Rg4 Qf6 20. Bxg6 fxg6 21. Qe4 Qf5 22. Rf4 Qxe4 23. Rxe4 Nc6 24. Rae1 Nd8 25. d5 e5 26. Nh4 Kf7 27. f4 Kf6 28. fxe5+ Rxe5 29. Rf1+ Kg5 30. Nf3+ Kf5 31. Nd2+ Kg5 32. h4+ Kh5 33. g4+ Kxh4 34. Nf3+ Kg3 35. Nxe5 dxe5 36. Rf8 h5 37. gxh5 gxh5 38. Rf1 b5 39. Rfe1 Nf7 40. R1e3# 1-0

[Event "Seefeld op 15th"]
[Site "Seefeld"]
[Date "2004.09.25"]
[Round "8"]
[White "Di Lazzaro, Gabriele"]
[Black "Russ, Colin"]
[Result "1/2-1/2"]
[WhiteElo "1990"]
[BlackElo "1980"]
[PlyCount "56"]
[EventDate "2004.09.18"]
[EventType "swiss"]
[EventRounds "9"]
[EventCountry "AUT"]
[SourceTitle "EXT 2005"]
[Source "ChessBase"]
[SourceDate "2004.11.15"]
[SourceVersion "1"]
[SourceVersionDate "2004.11.15"]
[SourceQuality "1"]

1. e4 c6 2. c4 d5 3. exd5 cxd5 4. cxd5 Nf6 5. Nc3 Nxd5 6. Nf3 Nc6 7. Bb5 Qd6 8. 0-0 Bg4 9. d4 e6 10. a3 Be7 11. Ne4 Qc7 12. h3 Bh5 13. Ng3 Bxf3 14. Qxf3 0-0 15. Qe4 Rac8 16. Bd3 Nf6 17. Qh4 Rfd8 18. Be3 Rd5 19. Rac1 Nh5 20. Qe4 Nf6 21. Qf3 Qd8 22. Bb1 Nxd4 23. Bxd4 Rxc1 24. Rxc1 Rxd4 25. Qxb7 Rd1+ 26. Rxd1 Qxd1+ 27. Kh2 Bf8 28. Be4 Nxe4 1/2-1/2

[Event "Seefeld op 15th"]
[Site "Seefeld"]
[Date "2004.09.22"]
[Round "5"]
[White "Russ, Colin"]
[Black "Michel, Jan"]
[Result "1-0"]
[WhiteElo "1980"]
[BlackElo "1482"]
[PlyCount "57"]
[EventDate "2004.09.18"]
[EventType "swiss"]
[EventRounds "9"]
[EventCountry "AUT"]
[SourceTitle "EXT 2005"]
[Source "ChessBase"]
[SourceDate "2004.11.15"]
[SourceVersion "1"]
[SourceVersionDate "2004.11.15"]
[SourceQuality "1"]

1. Nf3 Nc6 2. d4 d5 3. Bf4 a6 4. e3 h6 5. c4 dxc4 6. Bxc4 e6 7. Nc3 Bb4 8. Rc1 Nge7 9. Bg3 Bd7 10. 0-0 Bxc3 11. Rxc3 Nf5 12. Be5 0-0 13. e4 Nfe7 14. Bg3 Ng6 15. d5 exd5 16. Bxd5 Rc8 17. Re1 h5 18. h3 h4 19. Bh2 Re8 20. Qb3 Re7 21. Qxb7 Nce5 22. Qxa6 Nxf3+ 23. Rxf3 c6 24. Bb3 Qe8 25. Bd6 Ne5 26. Bxe5 Kh8 27. Bc3 Rxe4 28. Rxe4 Qxe4 29. Qd3 1-0

[Event "Seefeld op 15th"]
[Site "Seefeld"]
[Date "2004.09.19"]
[Round "2"]
[White "Thonig, Manfred"]
[Black "Russ, Colin"]
[Result "1-0"]
[WhiteElo "1565"]
[BlackElo "1980"]
[PlyCount "141"]
[EventDate "2004.09.18"]
[EventType "swiss"]
[EventRounds "9"]
[EventCountry "AUT"]
[SourceTitle "EXT 2005"]
[Source "ChessBase"]
[SourceDate "2004.11.15"]
[SourceVersion "1"]
[SourceVersionDate "2004.11.15"]
[SourceQuality "1"]

1. f4 d5 2. b3 Bf5 3. Nf3 e6 4. Bb2 Nf6 5. e3 Nbd7 6. Be2 c6 7. 0-0 Qc7 8. Ne5 h6 9. d4 Nxe5 10. fxe5 Ne4 11. Nd2 0-0-0 12. c4 Be7 13. cxd5 Nxd2 14. d6 Bxd6 15. exd6 Qa5 16. Rc1 Nxf1 17. Bxf1 Rxd6 18. Bc3 Qd8 19. Bb4 Rd7 20. Qe2 Kb8 21. Qf3 Qh4 22. Be2 Be4 23. Qf1 Qg5 24. Qf2 Rxd4 25. h4 Qxg2+ 26. Qxg2 Bxg2 27. exd4 Be4 28. Kf2 Rd8 29. Ke3 Bf5 30. Bc3 g6 31. Kf4 Rd5 32. Bc4 Rd7 33. a4 Kc7 34. Ke5 h5 35. b4 a6 36. b5 axb5 37. axb5 cxb5 38. Ba5+ Kb8 39. Bb3 Bd3 40. Bb6 Be2 41. Bc5 Kc7 42. Bd6+ Kb6 43. Bc5+ Kc7 44. Ra1 Bf3 45. Kf6 Bg4 46. Rc1 Kb8 47. Re1 Bf5 48. Re5 Kc7 49. d5 b6 50. d6+ Kc6 51. Bb4 Ra7 52. Bd1 Ra1 53. Bf3+ Kd7 54. Rxb5 Rf1 55. Be2 Rf2 56. Rxb6 Be4+ 57. Kg7 Rxe2 58. Ra6 Bc6 59. Ra7+ Ke8 60. Re7+ Kd8 61. Ba5+ Kc8 62. Rc7+ Kd8 63. Rxc6+ Kd7 64. Rb6 Re4 65. Kxf7 Rxh4 66. Kxg6 Rd4 67. Bb4 h4 68. Rb7+ Kc8 69. Rc7+ Kd8 70. Rb7 h3 71. Ba5+ 1-0

[Event "Seefeld op 14th"]
[Site "Seefeld"]
[Date "2003.09.15"]
[Round "3"]
[White "Scacco, Mauro"]
[Black "Russ, Colin"]
[Result "1/2-1/2"]
[WhiteElo "2090"]
[BlackElo "1768"]
[PlyCount "83"]
[EventDate "2003.09.13"]
[EventType "swiss"]
[EventRounds "9"]
[EventCountry "AUT"]
[SourceTitle "CBM 097 Extra"]
[Source "ChessBase"]
[SourceDate "2004.01.13"]
[SourceVersion "1"]
[SourceVersionDate "2004.01.13"]
[SourceQuality "1"]

1. e4 c6 2. d4 d5 3. e5 Bf5 4. Nf3 e6 5. Be2 c5 6. 0-0 Nc6 7. Be3 Qb6 8. b3 cxd4 9. Nxd4 Nxd4 10. Bxd4 Bc5 11. Bxc5 Qxc5 12. c4 dxc4 13. Bxc4 Qxe5 14. Nd2 Nf6 15. Qf3 0-0 16. Qxb7 Rfb8 17. Qf3 Bg4 18. Qg3 Qxg3 19. hxg3 Rd8 20. Nf3 Bxf3 21. gxf3 Rd2 22. Rad1 Rad8 23. Rxd2 Rxd2 24. a4 Kf8 25. Rc1 Ke7 26. Bb5 Nd5 27. Rc8 Rb2 28. Ra8 Rxb3 29. Rxa7+ Kf8 30. Kg2 Nc3 31. Bc6 Rb6 32. Bb7 Nxa4 33. Be4 Nc5 34. Ra8+ Ke7 35. Bxh7 g6 36. f4 Nd7 37. g4 Rb8 38. Rxb8 Nxb8 39. f5 Kf6 40. fxg6 fxg6 41. f4 Kg7 42. Bxg6 1/2-1/2

[Event "Seefeld op 13th"]
[Site "Seefeld"]
[Date "2002.09.22"]
[Round "9"]
[White "Verhoef, Helge"]
[Black "Russ, Colin"]
[Result "1-0"]
[WhiteElo "1917"]
[BlackElo "1792"]
[PlyCount "101"]
[EventDate "2002.09.14"]
[EventType "swiss"]
[EventRounds "9"]
[EventCountry "AUT"]
[SourceTitle "EXT 2007"]
[Source "ChessBase"]
[SourceDate "2006.11.23"]
[SourceVersion "1"]
[SourceVersionDate "2006.11.23"]
[SourceQuality "1"]

1. d4 d5 2. c4 dxc4 3. e4 e5 4. Nf3 exd4 5. Bxc4 Qe7 6. 0-0 Bg4 7. Qxd4 Bxf3 8. gxf3 Nd7 9. Bf4 c6 10. Nc3 Nb6 11. Rad1 Qc5 12. Bb3 Qxd4 13. Rxd4 Bc5 14. Rd2 Ne7 15. Rfd1 Ng6 16. Be3 Bxe3 17. fxe3 Ne5 18. Kf2 Nec4 19. Bxc4 Nxc4 20. Rc2 Nb6 21. Rcd2 Ke7 22. e5 Rhd8 23. b3 Nd7 24. f4 f6 25. exf6+ Nxf6 26. Kf3 Rxd2 27. Rxd2 Rd8 28. Rxd8 Kxd8 29. e4 Ke7 30. e5 Nd7 31. Ne4 b5 32. b4 Nb6 33. Nc3 Ke6 34. Ke4 g6 35. Ne2 Nd5 36. a3 Nb6 37. Kd4 Na4 38. h4 Kd7 39. Ng3 Ke6 40. Ne4 Ke7 41. Nf6 h5 42. Ne4 Kd8 43. Nd6 Nb6 44. Nf7+ Kc7 45. Nh8 a5 46. Nxg6 axb4 47. axb4 Nd5 48. f5 Kd7 49. Kc5 Ne3 50. e6+ Ke8 51. f6 1-0

[Event "Seefeld op 12th"]
[Site "Seefeld"]
[Date "2001.09.16"]
[Round "2"]
[White "Russ, Colin"]
[Black "Daebel, Hasso"]
[Result "1-0"]
[WhiteElo "1808"]
[BlackElo "1373"]
[PlyCount "73"]
[EventDate "2001.09.15"]
[EventType "swiss"]
[EventRounds "9"]
[EventCountry "AUT"]
[SourceTitle "EXT 2002"]
[Source "ChessBase"]
[SourceDate "2001.11.25"]
[SourceVersion "1"]
[SourceVersionDate "2001.11.25"]
[SourceQuality "1"]

1. Nf3 c5 2. g3 Nc6 3. Bg2 g6 4. d4 cxd4 5. Nxd4 Bg7 6. c3 d5 7. 0-0 e5 8. Nxc6 bxc6 9. c4 Ne7 10. Qa4 Bd7 11. c5 e4 12. Nd2 0-0 13. Nb3 Qc8 14. Nd4 Nf5 15. Nxf5 gxf5 16. Rb1 a5 17. Bf4 Re8 18. e3 Re6 19. a3 Bf8 20. Rfc1 Qa6 21. Bh3 Rg6 22. Qd1 a4 23. Qh5 Qc8 24. b3 Qe8 25. bxa4 Qe6 26. Qd1 Ra5 27. Rb8 Kg7 28. Qd4+ Kg8 29. Bd6 Bc8 30. Bxf8 Kxf8 31. Qh8+ Rg8 32. Qxh7 Rg6 33. Qh5 Ke7 34. Qh8 Rh6 35. Qxc8 Qxc8 36. Rxc8 Kd7 37. Bxf5+ 1-0

[Event "Seefeld op 12th"]
[Site "Seefeld"]
[Date "2001.09.15"]
[Round "1"]
[White "Lagrotteria, Salvatore"]
[Black "Russ, Colin"]
[Result "1-0"]
[WhiteElo "2196"]
[BlackElo "1808"]
[PlyCount "101"]
[EventDate "2001.09.15"]
[EventType "swiss"]
[EventRounds "9"]
[EventCountry "AUT"]
[SourceTitle "EXT 2002"]
[Source "ChessBase"]
[SourceDate "2001.11.25"]
[SourceVersion "1"]
[SourceVersionDate "2001.11.25"]
[SourceQuality "1"]

1. Nf3 Nf6 2. g3 g6 3. Bg2 Bg7 4. 0-0 0-0 5. d3 d5 6. Nbd2 Nbd7 7. e4 dxe4 8. dxe4 e5 9. Qe2 Qe7 10. a4 b6 11. b4 Re8 12. Ba3 c5 13. b5 Bb7 14. Ne1 Nf8 15. Nc4 Qc7 16. Bb2 N6d7 17. Nf3 Ne6 18. c3 Rad8 19. Rfd1 Ndf8 20. Nfd2 Rd7 21. Ne3 Qd8 22. Ndc4 Ree7 23. Nd5 Re8 24. a5 Bxd5 25. exd5 Nc7 26. axb6 Nxb5 27. bxa7 Nxa7 28. Ne3 Nc8 29. Ra8 Ra7 30. Rxa7 Nxa7 31. Qa6 Nc8 32. Ba3 Nd7 33. Rb1 Qf6 34. Qxf6 Bxf6 35. Bh3 Ncb6 36. Bxc5 Nxc5 37. Rxb6 Kg7 38. d6 e4 39. Rc6 Nd3 40. d7 Rb8 41. Rc8 Rb1+ 42. Bf1 Rc1 43. Nd5 Bd8 44. Rxd8 Ne1 45. Rg8+ Kh6 46. d8Q Nf3+ 47. Kg2 Ne1+ 48. Kh3 Nf3 49. Ne3 Ng5+ 50. Kg4 f5+ 51. Nxf5+ 1-0

[Event "Seefeld op 10th"]
[Site "Seefeld"]
[Date "1999.09.14"]
[Round "4"]
[White "Gruener, Reinhard"]
[Black "Russ, Colin"]
[Result "1/2-1/2"]
[WhiteElo "2135"]
[BlackElo "2005"]
[PlyCount "48"]
[EventDate "1999.09.11"]
[EventType "swiss"]
[EventRounds "9"]
[EventCountry "AUT"]
[SourceTitle "EXT 2001"]
[Source "ChessBase"]
[SourceDate "2000.11.22"]
[SourceVersion "1"]
[SourceVersionDate "2000.11.22"]
[SourceQuality "1"]

1. d4 d5 2. Nc3 c6 3. e4 dxe4 4. Nxe4 Bf5 5. Ng3 Bg6 6. h4 h6 7. h5 Bh7 8. Nf3 Nd7 9. c3 Qc7 10. Bc4 e6 11. Ne2 Bd6 12. Bd3 Bxd3 13. Qxd3 Ngf6 14. Rh4 0-0-0 15. Bd2 Rhe8 16. 0-0-0 c5 17. Kb1 c4 18. Qc2 Nd5 19. g3 N7b6 20. Rg1 Qc6 21. Ne5 Qc7 22. f4 f6 23. Nf3 Nd7 24. Re1 Kb8 1/2-1/2

[Event "Seefeld op 10th"]
[Site "Seefeld"]
[Date "1999.09.12"]
[Round "2"]
[White "Schirra, Paul"]
[Black "Russ, Colin"]
[Result "0-1"]
[WhiteElo "1623"]
[BlackElo "2005"]
[PlyCount "48"]
[EventDate "1999.09.11"]
[EventType "swiss"]
[EventRounds "9"]
[EventCountry "AUT"]
[SourceTitle "EXT 2001"]
[Source "ChessBase"]
[SourceDate "2000.11.22"]
[SourceVersion "1"]
[SourceVersionDate "2000.11.22"]
[SourceQuality "1"]

1. e4 c6 2. d4 d5 3. e5 Bf5 4. c4 e6 5. Nc3 Bb4 6. a3 Bxc3+ 7. bxc3 dxc4 8. Bxc4 Nd7 9. Nf3 Ne7 10. 0-0 Qc7 11. Be3 0-0 12. Nh4 Nb6 13. Be2 Be4 14. f3 Bd5 15. Bd3 Nc4 16. Qc1 Ng6 17. Bf2 Qe7 18. Nxg6 fxg6 19. Re1 a5 20. Bxc4 Bxc4 21. Re4 a4 22. Rb1 Bd3 23. Rh4 Bxb1 24. Qxb1 Qxa3 0-1